| 000 | 00394nam a2200157Ia 4500 | ||
|---|---|---|---|
| 008 | 230312s9999||||xx |||||||||||||| ||und|| | ||
| 020 | _a81-312-1228-8 | ||
| 082 |
_a621.64 _bMOO-D |
||
| 100 | _aKeith.L.Moore | ||
| 245 | 0 | _aDeveloping Human Clinically Oriented Embryology | |
| 260 |
_bElsevier _aIndia _c2008 |
||
| 300 | _a522 | ||
| 546 | _aEng. | ||
| 650 |
_aMedical _vEmbryology |
||
| 942 | _cBK | ||
| 999 |
_c5189 _d5189 |
||